Woman who sold tears (Record no. 6799)

MARC details
000 -LEADER
fixed length control field 00762 a2200205 4500
005 - DATE AND TIME OF LATEST TRANSACTION
control field 20080908155628.0
008 - FIXED-LENGTH DATA ELEMENTS--GENERAL INFORMATION
fixed length control field 080908t xxu||||| |||| 00| 1 eng d
010 ## - LIBRARY OF CONGRESS CONTROL NUMBER
LC control number ENG-87680
020 ## - INTERNATIONAL STANDARD BOOK NUMBER
International Standard Book Number 8186425330
Terms of availability 150.00
035 ## - SYSTEM CONTROL NUMBER
System control number EN-71213
037 ## - SOURCE OF ACQUISITION
Source of stock number/acquisition DBAD / PUB
082 ## - DEWEY DECIMAL CLASSIFICATION NUMBER
Classification number N
100 ## - MAIN ENTRY--PERSONAL NAME
Personal name Narula, Shamsher Singh
245 ## - TITLE STATEMENT
Title Woman who sold tears
Statement of responsibility, etc by Shamsher Singh Narula
260 ## - PUBLICATION, DISTRIBUTION, ETC. (IMPRINT)
Place of publication, distribution, etc New Delhi
Name of publisher, distributor, etc Confluence International
Date of publication, distribution, etc 2006
270 ## - ADDRESS
Address 203/E588, Greater Kailash, Part-II,
City New Delhi
Postal code 110 048
Telephone number 91-11-29216832
Electronic mail address confluence@connectgroup
300 ## - PHYSICAL DESCRIPTION
Extent 125 p.
Dimensions 22 cm ( Pbk)
942 ## - ADDED ENTRY ELEMENTS (KOHA)
Institution code [OBSOLETE] dpl
Koha item type English Books
Call number prefix N/NAR
Source of classification or shelving scheme Dewey Decimal Classification
Classification part N
Call number suffix NAR
Holdings
Withdrawn status Lost status Damaged status Not for loan Collection code Home library Current library Date acquired Cost, normal purchase price Total Checkouts Full call number Barcode Date last seen Copy number Uniform Resource Identifier Cost, replacement price Price effective from Koha item type
      Not For Loan Fiction D.B.Act.Division D.B.Act.Division 08/09/2008 150.00   N NAR EN-71213 15/09/2008 1 7302 150.00 15/09/2008 English Books

© Delhi Public Library
Hit Counter
free hit counter